A intenção filosófica (Registo nº 198746)

Detalhes MARC
000 -Etiqueta do registo
Valores 00562nam a2200193 4500
100 ## - Dados gerais de processamento
Dados gerais 20251031 pory50
200 ## - Titulo e menção de responsabilidade
Título próprio A intenção filosófica
Primeira menção de responsabilidade Joseph Vialatoux
Outras menções de responsabilidade tradução Gustavo de Fraga
210 ## - Publicação
Local de publicação Coimbra
Nome do editor Almedina 1982
215 ## - Descrição física 
Paginação / Volumes 129, [2] p.
Outras indicações físicas brochado
Dimensões 19 cm
225 ## - Colecção 
Título próprio da colecção Almedina
Número de parte ou secção 26
606 ## - Nome comum usado como assunto
ID Autoridade 32
Palavra de ordem Filosofia
675 ## - CDU
Notação 1
Edição PT
Língua por
700 ## - Autor principal (pessoa individual)
ID Autoridade 14664
Apelido Vialatoux
Nome Joseph
Datas 1880-1970
702 ## - Autor secundário (pessoa individual)
ID Autoridade 14665
Apelido Fraga
Nome Gustavo
Datas 1922-2003
801 ## - Fonte de origem
País PT
Agência BMMN
Regras de catalogação RPC
830 ## - Notas gerais do catalogador
Criado por Vanda
990 ## - Elementos KOHA
Tipo de documento Livro
Exemplares
Situação do levantamento Biblioteca de origem Código de barras Cota Permissão de empréstimo Tipo de documento Forma de aquisição
  Biblioteca Municipal de Montemor-o-Novo 27222 1 VIA|DEP   Livro Compra

Powered by Koha